[Event "PMPJ 2022- D17"]
[Site "Jastrzebia Gora"]
[Date "2022.11.06"]
[Round "1.3"]
[White "Bartoszek, Julia"]
[Black "Krzyzosiak, Anna"]
[Result "1/2-1/2"]
[BlackElo "1434"]
[WhiteElo "1253"]
[LiveChessVersion "1.4.8"]

1. e4 {[%clk 1:30:57]} c5 {[%clk 1:30:53]} 2. c3 {[%clk 1:31:12]} Nf6
{[%clk 1:30:47]} 3. e5 {[%clk 1:31:15]} Nd5 {[%clk 1:30:54]} 4. d4
{[%clk 1:31:00]} cxd4 {[%clk 1:30:51]} 5. cxd4 {[%clk 1:30:59]} d6
{[%clk 1:24:49]} 6. Nf3 {[%clk 1:28:58]} e6 {[%clk 1:22:06]} 7. Bc4
{[%clk 1:24:38]} Nb6 {[%clk 1:11:18]} 8. Bb3 {[%clk 1:20:44]} Nc6
{[%clk 1:02:40]} 9. O-O {[%clk 1:11:40]} Be7 {[%clk 0:51:33]} 10. Nc3
{[%clk 1:06:48]} dxe5 {[%clk 0:35:56]} 11. dxe5 {[%clk 1:04:08]} Qxd1
{[%clk 0:34:29]} 12. Rxd1 {[%clk 1:04:07]} a6 {[%clk 0:26:28]} 13. Bf4
{[%clk 0:54:42]} O-O {[%clk 0:23:23]} 14. Ne4 {[%clk 0:46:44]} Nb4
{[%clk 0:15:49]} 15. Nc3 {[%clk 0:32:53]} Nd7 {[%clk 0:10:06]} 16. a3
{[%clk 0:30:02]} Nc6 {[%clk 0:08:19]} 17. Ne4 {[%clk 0:26:48]} Nc5
{[%clk 0:06:48]} 18. Nxc5 {[%clk 0:24:21]} Bxc5 {[%clk 0:07:12]} 19. Rac1
{[%clk 0:23:55]} Be7 {[%clk 0:03:02]} 20. Ba4 {[%clk 0:21:59]} Na5
{[%clk 0:01:33]} 21. b4 {[%clk 0:20:06]} b5 {[%clk 0:01:48]} 22. Bc2
{[%clk 0:18:46]} Nc4 {[%clk 0:01:57]} 23. Be4 {[%clk 0:18:14]} Rb8
{[%clk 0:01:11]} 24. Rc3 {[%clk 0:16:29]} Bb7 {[%clk 0:01:05]} 25. Bxb7
{[%clk 0:11:24]} Rxb7 {[%clk 0:01:30]} 26. Rcd3 {[%clk 0:10:25]} Nb2
{[%clk 0:01:29]} 27. Rd7 {[%clk 0:10:49]} Rxd7 {[%clk 0:01:53]} 28. Rxd7
{[%clk 0:11:15]} Rd8 {[%clk 0:02:14]} 29. Rxd8+ {[%clk 0:10:44]} Bxd8
{[%clk 0:02:40]} 30. Nd2 {[%clk 0:07:52]} Bb6 {[%clk 0:00:52]} 31. Kf1
{[%clk 0:04:51]} Nd3 {[%clk 0:00:57]} 32. Bg3 {[%clk 0:04:52]} Bd4
{[%clk 0:00:54]} 33. f4 {[%clk 0:03:13]} Bb2 {[%clk 0:00:33]} 34. Nb1
{[%clk 0:03:08]} Bd4 {[%clk 0:00:52]} 35. Ke2 {[%clk 0:02:57]} Nb2
{[%clk 0:00:54]} 36. Bf2 {[%clk 0:02:33]} Bxf2 {[%clk 0:00:49]} 37. Kxf2
{[%clk 0:02:57]} Kf8 {[%clk 0:01:07]} 38. Ke3 {[%clk 0:02:59]} Ke7
{[%clk 0:01:24]} 39. Kd4 {[%clk 0:02:36]} Kd7 {[%clk 0:01:38]} 40. Nc3
{[%clk 0:01:59]} Nc4 {[%clk 0:00:47]} 41. Nb1 {[%clk 0:02:23]} Kc6
{[%clk 0:00:59]} 42. h3 {[%clk 0:02:09]} 1/2-1/2

[Event "PMPJ 2022- D17"]
[Site "Jastrzebia Gora"]
[Date "2022.11.06"]
[Round "1.4"]
[White "Czerwinska, Oliwia"]
[Black "Sivickis, Kornelia"]
[Result "1/2-1/2"]
[BlackElo "1159"]
[WhiteElo "1392"]
[LiveChessVersion "1.4.8"]

1. e4 {[%clk 1:30:57]} e5 {[%clk 1:30:54]} 2. Nf3 {[%clk 1:31:20]} Nf6
{[%clk 1:31:19]} 3. Nxe5 {[%clk 1:29:36]} d6 {[%clk 1:31:37]} 4. Nf3
{[%clk 1:29:45]} Nxe4 {[%clk 1:31:55]} 5. d3 {[%clk 1:29:51]} Nf6
{[%clk 1:32:16]} 6. Bg5 {[%clk 1:29:51]} Be7 {[%clk 1:31:55]} 7. Nc3
{[%clk 1:29:17]} Bg4 {[%clk 1:31:50]} 8. h3 {[%clk 1:29:16]} Bh5 {[%clk 1:32:13]}
9. g4 {[%clk 1:23:28]} Bg6 {[%clk 1:32:35]} 10. Qd2 {[%clk 1:19:08]} h6
{[%clk 1:32:11]} 11. Be3 {[%clk 1:17:07]} Nbd7 {[%clk 1:31:14]} 12. Bg2
{[%clk 1:17:00]} c6 {[%clk 1:31:19]} 13. Nh2 {[%clk 1:14:10]} d5 {[%clk 1:29:51]}
14. f4 {[%clk 1:12:43]} Qc7 {[%clk 1:26:42]} 15. f5 {[%clk 1:10:43]} Bh7
{[%clk 1:27:06]} 16. d4 {[%clk 1:07:19]} Bd6 {[%clk 1:23:35]} 17. Nf3
{[%clk 1:05:56]} Bg3+ {[%clk 1:22:57]} 18. Bf2 {[%clk 1:05:06]} Bxf2+
{[%clk 1:22:32]} 19. Qxf2 {[%clk 1:05:02]} O-O-O {[%clk 1:20:51]} 20. O-O-O
{[%clk 1:05:11]} Nb6 {[%clk 1:19:51]} 21. Ne5 {[%clk 1:01:57]} Rhf8
{[%clk 1:15:43]} 22. Rhe1 {[%clk 0:59:53]} Rde8 {[%clk 1:11:47]} 23. Re2
{[%clk 0:54:27]} Bg8 {[%clk 1:05:13]} 24. Rde1 {[%clk 0:53:46]} Nbd7
{[%clk 0:58:09]} 25. Nd1 {[%clk 0:45:13]} Nxe5 {[%clk 0:53:03]} 26. Rxe5
{[%clk 0:35:14]} Rxe5 {[%clk 0:46:06]} 27. dxe5 {[%clk 0:34:46]} Nd7
{[%clk 0:40:11]} 28. Qxa7 {[%clk 0:27:50]} Re8 {[%clk 0:34:37]} 29. Qd4
{[%clk 0:24:25]} Rxe5 {[%clk 0:29:00]} 30. Rxe5 {[%clk 0:24:32]} Qxe5
{[%clk 0:28:44]} 31. Qxe5 {[%clk 0:22:42]} Nxe5 {[%clk 0:29:12]} 32. Kd2
{[%clk 0:16:52]} 1/2-1/2

[Event "PMPJ 2022- D17"]
[Site "Jastrzebia Gora"]
[Date "2022.11.06"]
[Round "1.5"]
[White "Bauer, Marika"]
[Black "Pietrzak, Emilia"]
[Result "1/2-1/2"]
[BlackElo "1386"]
[WhiteElo "1129"]
[LiveChessVersion "1.4.8"]

1. e4 {[%clk 1:30:55]} c5 {[%clk 1:30:57]} 2. Nf3 {[%clk 1:30:26]} e6
{[%clk 1:31:22]} 3. d4 {[%clk 1:28:27]} cxd4 {[%clk 1:31:46]} 4. Nxd4
{[%clk 1:28:50]} Nf6 {[%clk 1:32:11]} 5. Nc3 {[%clk 1:28:14]} d6 {[%clk 1:32:33]}
6. Nb3 {[%clk 1:27:08]} a6 {[%clk 1:31:52]} 7. a4 {[%clk 1:25:59]} b6
{[%clk 1:30:06]} 8. Be3 {[%clk 1:24:15]} Bb7 {[%clk 1:28:44]} 9. Bd3
{[%clk 1:12:30]} Nbd7 {[%clk 1:27:03]} 10. O-O {[%clk 1:09:44]} Qc7
{[%clk 1:26:08]} 11. Qe2 {[%clk 1:05:13]} Be7 {[%clk 1:24:26]} 12. h3
{[%clk 1:00:47]} O-O {[%clk 1:24:03]} 13. Bd4 {[%clk 0:54:58]} e5
{[%clk 1:14:40]} 14. Be3 {[%clk 0:54:53]} d5 {[%clk 1:14:19]} 15. Nxd5
{[%clk 0:46:30]} Nxd5 {[%clk 1:14:33]} 16. exd5 {[%clk 0:46:22]} Bxd5
{[%clk 1:14:58]} 17. Bf5 {[%clk 0:39:33]} Nf6 {[%clk 1:06:43]} 18. Bg5
{[%clk 0:34:14]} Rfd8 {[%clk 1:00:45]} 19. Rfe1 {[%clk 0:32:55]} e4
{[%clk 0:42:09]} 20. Bxe4 {[%clk 0:21:19]} Bxe4 {[%clk 0:41:04]} 21. Bxf6
{[%clk 0:21:09]} Bxf6 {[%clk 0:40:48]} 22. Qxe4 {[%clk 0:21:24]} Bxb2
{[%clk 0:40:19]} 23. Rad1 {[%clk 0:21:20]} h6 {[%clk 0:38:32]} 24. Rxd8+
{[%clk 0:20:23]} Rxd8 {[%clk 0:38:37]} 25. Qe7 {[%clk 0:19:06]} Rc8
{[%clk 0:34:41]} 26. Qxc7 {[%clk 0:19:14]} Rxc7 {[%clk 0:35:10]} 27. Re2
{[%clk 0:18:54]} Rc4 {[%clk 0:33:56]} 28. a5 {[%clk 0:19:01]} bxa5
{[%clk 0:28:48]} 29. Nxa5 {[%clk 0:19:18]} Ra4 {[%clk 0:28:20]} 30. Nb3
{[%clk 0:19:24]} Bc3 {[%clk 0:25:53]} 31. Re8+ {[%clk 0:18:40]} Kh7
{[%clk 0:26:12]} 32. Rc8 {[%clk 0:18:24]} 1/2-1/2

[Event "PMPJ 2022- D17"]
[Site "Jastrzebia Gora"]
[Date "2022.11.06"]
[Round "1.6"]
[White "Gornisiewicz, Natalia"]
[Black "Nagly, Malgorzata"]
[Result "1-0"]
[BlackElo "1077"]
[WhiteElo "1384"]
[LiveChessVersion "1.4.8"]

1. Nf3 {[%clk 1:30:56]} d5 {[%clk 1:30:38]} 2. c4 {[%clk 1:31:20]} c6
{[%clk 1:31:00]} 3. cxd5 {[%clk 1:31:19]} cxd5 {[%clk 1:31:18]} 4. d4
{[%clk 1:31:39]} Nf6 {[%clk 1:30:27]} 5. Bf4 {[%clk 1:31:45]} Nc6
{[%clk 1:28:31]} 6. e3 {[%clk 1:30:49]} Bf5 {[%clk 1:25:23]} 7. Bb5
{[%clk 1:29:24]} Qa5+ {[%clk 1:14:52]} 8. Nc3 {[%clk 1:29:38]} Ne4
{[%clk 1:13:53]} 9. Qa4 {[%clk 1:23:18]} Qxa4 {[%clk 1:05:40]} 10. Nxa4
{[%clk 1:22:10]} Rc8 {[%clk 1:00:02]} 11. Ne5 {[%clk 1:20:01]} f6
{[%clk 0:50:48]} 12. Nxc6 {[%clk 1:16:22]} bxc6 {[%clk 0:50:38]} 13. Ba6
{[%clk 1:16:30]} Rd8 {[%clk 0:40:50]} 14. Bb7 {[%clk 1:16:12]} c5
{[%clk 0:27:50]} 15. Bc7 {[%clk 1:15:15]} Rd7 {[%clk 0:18:00]} 16. Bc6
{[%clk 1:15:35]} cxd4 {[%clk 0:16:55]} 17. exd4 {[%clk 1:15:42]} e6
{[%clk 0:15:45]} 18. f3 {[%clk 1:11:19]} Nd6 {[%clk 0:11:34]} 19. Nc5
{[%clk 1:11:19]} e5 {[%clk 0:10:12]} 20. g4 {[%clk 1:11:05]} Be6 {[%clk 0:09:33]}
21. Nxe6 {[%clk 1:11:22]} Ke7 {[%clk 0:07:40]} 22. Bxd7 {[%clk 1:11:38]} Kxd7
{[%clk 0:08:06]} 23. Bxd6 {[%clk 1:10:59]} Bxd6 {[%clk 0:07:23]} 24. Nc5+
{[%clk 1:11:04]} Ke7 {[%clk 0:05:22]} 25. Nb3 {[%clk 1:11:22]} Bb4+
{[%clk 0:04:50]} 26. Ke2 {[%clk 1:11:28]} Rc8 {[%clk 0:04:19]} 27. Rac1
{[%clk 1:11:44]} Re8 {[%clk 0:03:32]} 28. Kd3 {[%clk 1:11:40]} Kf7
{[%clk 0:03:45]} 29. Rc7+ {[%clk 1:11:48]} Re7 {[%clk 0:03:08]} 30. Rxe7+
{[%clk 1:12:09]} Bxe7 {[%clk 0:03:32]} 31. dxe5 {[%clk 1:12:31]} fxe5
{[%clk 0:03:54]} 32. Rc1 {[%clk 1:12:44]} Kf6 {[%clk 0:03:32]} 33. h4
{[%clk 1:13:04]} h6 {[%clk 0:03:30]} 34. Rc6+ {[%clk 1:13:22]} Kf7
{[%clk 0:03:00]} 35. h5 {[%clk 1:13:40]} Bd8 {[%clk 0:02:55]} 36. Nc5
{[%clk 1:13:55]} Bb6 {[%clk 0:01:55]} 37. Nd7 {[%clk 1:13:58]} Bd4
{[%clk 0:01:42]} 38. b4 {[%clk 1:14:15]} Ke8 {[%clk 0:01:23]} 39. Nc5
{[%clk 1:14:31]} Kf7 {[%clk 0:00:47]} 40. Rd6 {[%clk 1:14:34]} Bb2
{[%clk 0:00:49]} 41. Rxd5 {[%clk 1:14:55]} Kf6 {[%clk 0:00:53]} 42. Ke4
{[%clk 1:14:59]} Ba3 {[%clk 0:00:48]} 43. Nd3 {[%clk 1:15:10]} g6
{[%clk 0:00:49]} 44. Rxe5 {[%clk 1:15:27]} g5 {[%clk 0:01:02]} 45. Ra5
{[%clk 1:15:48]} Bxb4 {[%clk 0:01:02]} 46. Nxb4 1-0

[Event "PMPJ 2022- D17"]
[Site "Jastrzebia Gora"]
[Date "2022.11.06"]
[Round "1.7"]
[White "Rozumek, Paulina"]
[Black "Labedz, Gabriela"]
[Result "0-1"]
[BlackElo "1365"]
[WhiteElo "1056"]
[LiveChessVersion "1.4.8"]

1. e4 {[%clk 1:30:57]} c5 {[%clk 1:30:55]} 2. Nf3 {[%clk 1:30:50]} a6
{[%clk 1:31:15]} 3. d4 {[%clk 1:29:20]} cxd4 {[%clk 1:31:37]} 4. Nxd4
{[%clk 1:29:38]} Nf6 {[%clk 1:31:47]} 5. Nc3 {[%clk 1:25:27]} e5 {[%clk 1:32:03]}
6. Nf3 {[%clk 1:17:14]} Nc6 {[%clk 1:31:59]} 7. a3 {[%clk 1:15:08]} Bc5
{[%clk 1:28:19]} 8. Bg5 {[%clk 1:12:11]} Qb6 {[%clk 1:21:58]} 9. Bh4
{[%clk 1:07:07]} Ng4 {[%clk 1:10:04]} 10. Qd2 {[%clk 1:00:40]} Bxf2+
{[%clk 1:01:00]} 11. Bxf2 {[%clk 1:00:48]} Nxf2 {[%clk 1:01:12]} 12. Na4
{[%clk 0:56:47]} Qc7 {[%clk 0:43:44]} 13. Qxf2 {[%clk 0:54:07]} O-O
{[%clk 0:41:46]} 14. O-O-O {[%clk 0:52:06]} d6 {[%clk 0:38:55]} 15. Nc3
{[%clk 0:49:27]} b5 {[%clk 0:35:24]} 16. h4 {[%clk 0:43:32]} Rb8 {[%clk 0:30:22]}
17. Nd5 {[%clk 0:40:51]} Qa5 {[%clk 0:27:08]} 18. Qd2 {[%clk 0:39:10]} b4
{[%clk 0:24:35]} 19. h5 {[%clk 0:37:10]} h6 {[%clk 0:19:23]} 20. Bc4
{[%clk 0:32:45]} Be6 {[%clk 0:15:39]} 21. Rh4 {[%clk 0:30:30]} Rfc8
{[%clk 0:12:05]} 22. g4 {[%clk 0:29:47]} Bxd5 {[%clk 0:10:20]} 23. Qxd5
{[%clk 0:28:04]} bxa3 {[%clk 0:10:22]} 24. Qxa5 Nxa5 {[%clk 0:09:17]} 25. Ba2
{[%clk 0:25:04]} Rxb2 {[%clk 0:09:10]} 26. Bxf7+ {[%clk 0:20:31]} Kxf7
{[%clk 0:09:24]} 27. Rxd6 {[%clk 0:17:35]} Rbxc2+ {[%clk 0:08:34]} 28. Kd1
{[%clk 0:17:33]} a2 {[%clk 0:08:37]} 29. Nxe5+ {[%clk 0:15:25]} Kg8
{[%clk 0:08:48]} 30. Ke1 {[%clk 0:15:12]} a1=Q+ {[%clk 0:08:53]} 31. Rd1
{[%clk 0:15:28]} Qc3+ {[%clk 0:08:55]} 32. Kf1 {[%clk 0:14:55]} Rf8+
{[%clk 0:09:18]} 33. Kg1 {[%clk 0:14:29]} Qg3+ {[%clk 0:09:41]} 34. Kh1
{[%clk 0:14:34]} Qg2# {[%clk 0:10:07]} 0-1

[Event "PMPJ 2022- D17"]
[Site "Jastrzebia Gora"]
[Date "2022.11.07"]
[Round "2.1"]
[White "Bychowska, Marta"]
[Black "Olszewska, Wiktoria"]
[Result "1/2-1/2"]
[BlackElo "1353"]
[WhiteElo "1481"]
[LiveChessVersion "1.4.8"]

1. e4 {[%clk 1:30:57]} c5 {[%clk 1:30:45]} 2. Nf3 {[%clk 1:31:22]} d6
{[%clk 1:29:39]} 3. d4 {[%clk 1:31:46]} cxd4 {[%clk 1:30:03]} 4. Nxd4
{[%clk 1:32:10]} Nf6 {[%clk 1:30:22]} 5. Nc3 {[%clk 1:32:33]} a6 {[%clk 1:30:44]}
6. Be2 {[%clk 1:32:06]} e6 {[%clk 1:28:33]} 7. O-O {[%clk 1:31:57]} Be7
{[%clk 1:27:10]} 8. Be3 {[%clk 1:31:00]} O-O {[%clk 1:25:51]} 9. f4
{[%clk 1:26:45]} Qc7 {[%clk 1:22:30]} 10. f5 {[%clk 1:22:17]} Nc6
{[%clk 1:17:50]} 11. Qd2 {[%clk 1:08:28]} Ne5 {[%clk 1:13:41]} 12. fxe6
{[%clk 1:01:18]} fxe6 {[%clk 1:12:24]} 13. a3 {[%clk 0:57:47]} Bd7
{[%clk 1:06:55]} 14. h3 {[%clk 0:53:54]} b5 {[%clk 1:01:40]} 15. Nf3
{[%clk 0:37:51]} Nxf3+ {[%clk 0:59:57]} 16. Bxf3 {[%clk 0:36:02]} Bc6
{[%clk 0:59:56]} 17. Bf4 {[%clk 0:31:47]} Rad8 {[%clk 0:58:31]} 18. Rad1
{[%clk 0:30:48]} Bb7 {[%clk 0:37:26]} 19. Qe2 {[%clk 0:24:21]} b4
{[%clk 0:27:51]} 20. axb4 {[%clk 0:22:35]} Qb6+ {[%clk 0:28:03]} 21. Kh1
{[%clk 0:19:13]} Qxb4 {[%clk 0:28:07]} 22. Rb1 {[%clk 0:16:26]} Nd7
{[%clk 0:25:16]} 23. Bd2 {[%clk 0:14:27]} Qc5 {[%clk 0:22:36]} 24. Bg4
{[%clk 0:13:20]} Rxf1+ {[%clk 0:18:59]} 25. Rxf1 {[%clk 0:13:36]} Nf8
{[%clk 0:17:03]} 26. Qf3 {[%clk 0:11:52]} Bf6 {[%clk 0:16:06]} 27. Bh6
{[%clk 0:00:34]} Qe5 {[%clk 0:08:34]} 28. Bf4 {[%clk 0:01:00]} Qc5
{[%clk 0:08:27]} 29. Bd2 {[%clk 0:01:12]} Qe5 {[%clk 0:07:05]} 30. Qe2
{[%clk 0:00:44]} Ng6 {[%clk 0:05:45]} 31. Qc4 {[%clk 0:00:53]} Re8
{[%clk 0:02:59]} 32. Rf5 {[%clk 0:01:05]} Qd4 {[%clk 0:02:41]} 33. Qxd4
{[%clk 0:00:58]} Bxd4 {[%clk 0:03:09]} 34. Ra5 {[%clk 0:00:40]} Ne5
{[%clk 0:02:15]} 35. Be2 {[%clk 0:01:00]} Nc6 {[%clk 0:01:33]} 36. Ra4
{[%clk 0:01:14]} a5 {[%clk 0:01:27]} 37. Bb5 {[%clk 0:01:14]} Bb6
{[%clk 0:01:26]} 38. Ra1 {[%clk 0:01:12]} Rf8 {[%clk 0:01:32]} 39. Bc4
{[%clk 0:01:11]} Bc8 {[%clk 0:01:09]} 40. Bb5 {[%clk 0:00:51]} Nd4
{[%clk 0:00:57]} 41. Bd3 {[%clk 0:00:55]} Bb7 {[%clk 0:00:34]} 42. Na4
{[%clk 0:00:37]} Bc7 {[%clk 0:00:53]} 43. Nc3 {[%clk 0:00:59]} e5
{[%clk 0:00:33]} 44. Bc4+ {[%clk 0:01:20]} Kh8 {[%clk 0:00:55]} 45. Nd5
{[%clk 0:01:22]} Bxd5 {[%clk 0:01:05]} 46. Bxd5 {[%clk 0:01:42]} Rf2
{[%clk 0:00:55]} 47. Bxa5 {[%clk 0:02:03]} Nxc2 {[%clk 0:00:42]} 48. Bb6
{[%clk 0:01:15]} Nxa1 {[%clk 0:00:32]} 49. Bxf2 {[%clk 0:01:39]} Nc2
{[%clk 0:00:45]} 50. Kg1 {[%clk 0:01:49]} Nb4 {[%clk 0:00:44]} 51. Bc4
{[%clk 0:01:46]} g6 {[%clk 0:00:53]} 52. Be3 {[%clk 0:01:46]} Kg7
{[%clk 0:00:57]} 53. Kf2 {[%clk 0:02:08]} Kf6 {[%clk 0:00:55]} 54. h4
{[%clk 0:01:56]} Nc2 {[%clk 0:00:41]} 55. Bh6 {[%clk 0:01:33]} Bb6+
{[%clk 0:00:36]} 56. Ke2 {[%clk 0:01:39]} Nd4+ {[%clk 0:01:00]} 57. Kd3
{[%clk 0:02:00]} Ne6 {[%clk 0:01:12]} 58. Bxe6 {[%clk 0:01:01]} Kxe6
{[%clk 0:01:38]} 59. Be3 {[%clk 0:01:13]} Bd8 {[%clk 0:01:37]} 60. g3
{[%clk 0:01:36]} d5 {[%clk 0:01:10]} 61. exd5+ {[%clk 0:01:58]} Kxd5
{[%clk 0:01:36]} 62. b4 {[%clk 0:02:03]} Bc7 {[%clk 0:01:04]} 63. g4
{[%clk 0:02:10]} e4+ {[%clk 0:00:52]} 64. Kc3 {[%clk 0:01:59]} Bg3
{[%clk 0:00:50]} 65. h5 {[%clk 0:02:18]} gxh5 {[%clk 0:01:04]} 66. gxh5
{[%clk 0:02:43]} Be5+ {[%clk 0:01:13]} 67. Kd2 {[%clk 0:02:37]} Kc4
{[%clk 0:01:14]} 68. Bc5 {[%clk 0:02:53]} Bf4+ {[%clk 0:00:37]} 69. Ke2
{[%clk 0:03:07]} Bg5 {[%clk 0:00:34]} 70. Bd6 {[%clk 0:02:21]} Kd5
{[%clk 0:00:36]} 71. Bg3 {[%clk 0:01:11]} Kc4 {[%clk 0:00:54]} 72. Be1
{[%clk 0:01:36]} Bf4 {[%clk 0:00:38]} 73. Bd2 {[%clk 0:01:17]} 1/2-1/2

[Event "PMPJ 2022- D17"]
[Site "Jastrzebia Gora"]
[Date "2022.11.07"]
[Round "2.2"]
[White "Labedz, Gabriela"]
[Black "Gaczol, Julia"]
[Result "1-0"]
[BlackElo "1466"]
[WhiteElo "1365"]
[LiveChessVersion "1.4.8"]

1. e4 {[%clk 1:30:57]} c5 {[%clk 1:30:58]} 2. Nc3 {[%clk 1:31:22]} Nc6
{[%clk 1:30:53]} 3. f4 {[%clk 1:31:43]} g6 {[%clk 1:27:34]} 4. Nf3
{[%clk 1:31:55]} Bg7 {[%clk 1:27:46]} 5. Bc4 {[%clk 1:32:03]} d6 {[%clk 1:25:44]}
6. d3 {[%clk 1:32:00]} a6 {[%clk 1:24:22]} 7. a4 {[%clk 1:28:53]} e6
{[%clk 1:18:52]} 8. O-O {[%clk 1:27:55]} Nge7 {[%clk 1:19:07]} 9. Qe1
{[%clk 1:27:03]} Qc7 {[%clk 1:17:17]} 10. Qh4 {[%clk 1:23:12]} Bd7
{[%clk 1:12:56]} 11. f5 {[%clk 1:17:29]} gxf5 {[%clk 0:53:41]} 12. Qh5
{[%clk 0:56:10]} Ne5 {[%clk 0:30:08]} 13. Nxe5 {[%clk 0:53:00]} Bxe5
{[%clk 0:29:32]} 14. Bg5 {[%clk 0:44:33]} h6 {[%clk 0:12:57]} 15. Bxe7
{[%clk 0:43:32]} Kxe7 {[%clk 0:13:23]} 16. exf5 {[%clk 0:40:55]} d5
{[%clk 0:12:42]} 17. fxe6 {[%clk 0:29:40]} fxe6 {[%clk 0:12:32]} 18. Rf7+
{[%clk 0:26:38]} Kd8 {[%clk 0:07:11]} 19. Ba2 {[%clk 0:21:14]} Bd4+
{[%clk 0:05:39]} 20. Kh1 {[%clk 0:21:24]} Qe5 {[%clk 0:05:19]} 21. Qh4+
{[%clk 0:16:42]} Qg5 {[%clk 0:05:18]} 22. Qh3 {[%clk 0:16:46]} Bxc3
{[%clk 0:03:12]} 23. bxc3 {[%clk 0:16:55]} b5 24. Re1 {[%clk 0:15:29]} Re8
{[%clk 0:03:15]} 25. c4 {[%clk 0:14:28]} Qd2 {[%clk 0:01:44]} 26. Qg3
{[%clk 0:14:48]} Qxc2 {[%clk 0:00:53]} 27. Qd6 {[%clk 0:14:21]} Ra7
{[%clk 0:00:55]} 28. Qb8+ {[%clk 0:14:37]} Bc8 {[%clk 0:01:20]} 29. Qb6+
{[%clk 0:14:52]} Rc7 {[%clk 0:01:45]} 30. Qxc7# {[%clk 0:15:18]} 1-0

[Event "PMPJ 2022- D17"]
[Site "Jastrzebia Gora"]
[Date "2022.11.07"]
[Round "2.3"]
[White "Tittor, Weronika"]
[Black "Gornisiewicz, Natalia"]
[Result "0-1"]
[BlackElo "1384"]
[WhiteElo "1335"]
[LiveChessVersion "1.4.8"]

1. e4 {[%clk 1:29:09]} Nf6 {[%clk 1:30:52]} 2. d3 {[%clk 1:28:49]} e5
{[%clk 1:30:44]} 3. Nf3 {[%clk 1:28:45]} Nc6 {[%clk 1:30:57]} 4. g3
{[%clk 1:27:57]} Bc5 {[%clk 1:30:39]} 5. Bg2 {[%clk 1:27:02]} h6 {[%clk 1:29:47]}
6. Be3 {[%clk 1:21:18]} Bxe3 {[%clk 1:26:57]} 7. fxe3 {[%clk 1:21:32]} d5
{[%clk 1:26:49]} 8. exd5 {[%clk 1:17:22]} Nxd5 {[%clk 1:27:10]} 9. Qe2
{[%clk 1:16:51]} O-O {[%clk 1:25:22]} 10. Nbd2 {[%clk 1:14:27]} Be6
{[%clk 1:23:33]} 11. O-O {[%clk 1:13:36]} Qe7 {[%clk 1:12:46]} 12. d4
{[%clk 1:12:03]} exd4 {[%clk 1:07:12]} 13. Nxd4 {[%clk 1:10:51]} Ne5
{[%clk 0:53:38]} 14. Nf5 {[%clk 1:07:38]} Bxf5 {[%clk 0:44:05]} 15. Rxf5
{[%clk 1:07:45]} Rad8 {[%clk 0:44:00]} 16. Qh5 {[%clk 1:03:59]} g6
{[%clk 0:41:20]} 17. Rxe5 {[%clk 1:02:41]} gxh5 {[%clk 0:39:28]} 18. Rxe7
{[%clk 1:02:59]} Nxe7 {[%clk 0:39:53]} 19. Nb3 {[%clk 1:02:12]} Nd5
{[%clk 0:39:20]} 20. Kf2 {[%clk 1:01:02]} Rfe8 {[%clk 0:39:03]} 21. Re1
{[%clk 1:00:31]} c6 {[%clk 0:38:23]} 22. Nc5 {[%clk 0:59:59]} Re7
{[%clk 0:35:29]} 23. Ne4 {[%clk 0:59:14]} f5 {[%clk 0:34:15]} 24. Nc5
{[%clk 0:58:54]} Nf6 {[%clk 0:34:14]} 25. e4 {[%clk 0:57:02]} fxe4
{[%clk 0:33:00]} 26. Bxe4 {[%clk 0:56:51]} b6 27. Bxc6 {[%clk 0:53:29]} Rxe1
{[%clk 0:32:22]} 28. Kxe1 {[%clk 0:53:43]} bxc5 {[%clk 0:32:45]} 29. Ke2
{[%clk 0:53:21]} Nd5 {[%clk 0:32:36]} 30. Ba4 {[%clk 0:53:16]} Kf7
{[%clk 0:32:30]} 31. Kf3 {[%clk 0:52:15]} Kf6 {[%clk 0:32:32]} 32. Ke4
{[%clk 0:52:11]} Ne7 {[%clk 0:32:51]} 33. Kf4 {[%clk 0:50:54]} Rd4+
{[%clk 0:33:11]} 0-1

[Event "PMPJ 2022- D17"]
[Site "Jastrzebia Gora"]
[Date "2022.11.07"]
[Round "2.4"]
[White "Krzyzosiak, Anna"]
[Black "Bauer, Marika"]
[Result "1-0"]
[BlackElo "1129"]
[WhiteElo "1434"]
[LiveChessVersion "1.4.8"]

1. e4 {[%clk 1:30:57]} e5 {[%clk 1:30:49]} 2. Nf3 {[%clk 1:31:20]} Nc6
{[%clk 1:30:57]} 3. Bb5 {[%clk 1:31:41]} Nge7 {[%clk 1:28:34]} 4. O-O
{[%clk 1:31:51]} d6 {[%clk 1:27:37]} 5. c3 {[%clk 1:20:27]} a6 {[%clk 1:22:02]}
6. Ba4 {[%clk 1:18:28]} b5 {[%clk 1:20:27]} 7. Bb3 {[%clk 1:02:56]} Bg4
{[%clk 1:14:40]} 8. Bxf7+ {[%clk 0:52:55]} Kd7 {[%clk 1:01:22]} 9. h3
{[%clk 0:48:32]} Bxf3 {[%clk 0:51:03]} 10. Qxf3 {[%clk 0:48:49]} Kc8
{[%clk 0:46:39]} 11. d3 {[%clk 0:44:12]} Qd7 {[%clk 0:43:11]} 12. Be3
{[%clk 0:31:08]} Nd8 {[%clk 0:32:14]} 13. Bb3 {[%clk 0:23:36]} a5
{[%clk 0:29:15]} 14. a4 {[%clk 0:19:09]} h5 {[%clk 0:27:17]} 15. axb5
{[%clk 0:12:08]} Qxb5 {[%clk 0:27:18]} 16. Bc4 {[%clk 0:09:08]} Qd7
{[%clk 0:26:15]} 17. Na3 {[%clk 0:08:18]} c6 {[%clk 0:25:38]} 18. d4
{[%clk 0:07:59]} d5 {[%clk 0:23:38]} 19. exd5 {[%clk 0:08:13]} cxd5
{[%clk 0:22:17]} 20. dxe5 {[%clk 0:07:47]} Ndc6 {[%clk 0:21:08]} 21. Bb5
{[%clk 0:07:30]} Kc7 {[%clk 0:19:46]} 22. Ba4 {[%clk 0:02:51]} Qe6
{[%clk 0:19:05]} 23. Nb5+ {[%clk 0:03:01]} Kb7 {[%clk 0:19:13]} 24. Nd6+
{[%clk 0:01:14]} Kc7 {[%clk 0:18:44]} 25. Nf7 {[%clk 0:01:04]} Rg8
{[%clk 0:17:33]} 26. Ng5 {[%clk 0:01:21]} Qg6 {[%clk 0:16:16]} 27. Qf4
{[%clk 0:01:03]} Nf5 {[%clk 0:16:10]} 28. Bxc6 {[%clk 0:00:59]} Kxc6
{[%clk 0:16:36]} 29. Qa4+ {[%clk 0:01:11]} Kc7 {[%clk 0:16:29]} 30. Bf4
{[%clk 0:01:14]} Kd8 {[%clk 0:16:21]} 31. Rad1 {[%clk 0:00:54]} Be7
{[%clk 0:16:41]} 32. Rxd5+ {[%clk 0:01:12]} Kc7 {[%clk 0:15:19]} 33. Qd7+
{[%clk 0:01:27]} Kb6 {[%clk 0:15:37]} 34. Rb5+ {[%clk 0:01:48]} Ka6
{[%clk 0:15:53]} 35. Qb7# {[%clk 0:02:12]} 1-0